[Event "Königsspringer Hamburg"]
[Site "Internationales Meisterturnier"]
[Date "2004.03.12"]
[Round "6"]
[White "Farago, Ivan"]
[Black "Svetushkin, Dmitry"]
[Result "1/2-1/2"]
[WhiteElo "2506"]
[BlackElo "2553"]
[Annotator "Svetushkin"]
[PlyCount "24"]
[EventDate "2004.??.??"]

1. d4 d5 2. c4 c6 3. Nf3 Nf6 4. Nc3 a6 5. c5 Nbd7 6. Bf4 Nh5 7. e3 g6 8. h4 Bg7 (8... Nxf4 9. exf4 Bg7 10. h5 $1 $36) 9. Bh2 Ndf6 $5 (9... Nhf6 10. Ne5 O-O 11. Be2 Nxe5 12. Bxe5 Nd7 13. Bxg7 Kxg7 14. h5) 10. Ne5 Nd7 11. Nf3 (11. Be2 Bxe5 12. Bxe5 (12. dxe5 Ng7) 12... Nxe5 13. dxe5 Ng7 14. h5 Ne6 (14... Qc7 $5 $13)) (11. Qd2 Bxe5 (11... Nhf6 12. Nxd7 Bxd7 13. Be5 Ne4 $5 14. Nxe4 Bxe5 15. dxe5 dxe4 $13) 12. Bxe5 Nxe5 13. dxe5 Ng7) (11. Nxd7 Bxd7 12. Be2 $5 Nf6 13. Qb3 $5 {Farago} (13. h5) (13. Be5) 13... Bc8 14. Na4 Nd7 15. O-O-O $36) 11... Ndf6 12. Ne5 Nd7 $11 1/2-1/2

[Event "Königsspringer Hamburg"]
[Site "Internationales Meisterturnier"]
[Date "2004.03.12"]
[Round "6"]
[White "Buhr, Carl Christian"]
[Black "Schleicher, Guido"]
[Result "1/2-1/2"]
[WhiteElo "2347"]
[BlackElo "2249"]
[PlyCount "82"]
[EventDate "2004.??.??"]

1. e4 c5 2. Nc3 Nc6 3. g3 g6 4. Bg2 Bg7 5. d3 Rb8 6. Be3 d6 7. Qd2 e6 8. Nge2
Nd4 9. Bxd4 cxd4 10. Nb5 Qb6 11. a4 a6 12. Na3 Qxb2 13. O-O Qb6 14. Rfb1 Qc5
15. Rb4 Ne7 16. Rc4 Qa7 17. Qa5 b6 18. Qe1 O-O 19. c3 dxc3 20. d4 d5 21. exd5 exd5 22. Rxc3 Nf5 23. Rac1 Qe7 24. Nc2 Bd7 25. a5 Rfe8 26. Ne3 Nxd4 27. Nxd4 Bxd4 28. Rd3 Bb2 29. Rc7 Qd6 30. axb6 Rxb6 31. Ra7 Bf5 32. Bxd5 Bxd3 33. Bxf7+ Kh8 34. Bxe8 Bd4 35. Rd7 Qe5 36. Rd8 Rb1 37. Ba4+ Kg7 38. Bd1 Bb5 39. Kg2 Bc6+ 40. Kh3 Bxe3 41. Qxe3 Qxe3 {(=)} 1/2-1/2

[Event "Königsspringer Hamburg"]
[Site "Internationales Meisterturnier"]
[Date "2004.03.13"]
[Round "7"]
[White "Kuemin, Simon"]
[Black "Reddmann, Hauke"]
[Result "1/2-1/2"]
[WhiteElo "2376"]
[BlackElo "2338"]
[PlyCount "47"]
[EventDate "2004.??.??"]

1. Nf3 c5 2. c4 Nc6 3. Nc3 e5 4. g3 d6 5. Bg2 Be7 6. O-O f5 7. d3 Nf6 8. Bg5 O-O 9. a3 Be6 10. Nd2 Qd7 11. Rb1 Ng4 12. Bxe7 Nxe7 13. b4 cxb4 14. Rxb4 Nc6 15. Rb2 Rac8 16. e3 b6 17. Qa4 Kh8 18. Nd5 Nf6 19. Nxf6 Rxf6 20. Rc1 Rff8 21. Rbc2 Rc7 22. Nb1 Na5 23. Qxd7 Bxd7 24. Nd2 {(=)} 1/2-1/2

[Event "Königsspringer Hamburg"]
[Site "Internationales Meisterturnier"]
[Date "2004.03.13"]
[Round "7"]
[White "Schleicher, Guido"]
[Black "Hochgraefe, Markus"]
[Result "0-1"]
[WhiteElo "2249"]
[BlackElo "2327"]
[PlyCount "98"]
[EventDate "2004.??.??"]

1. g3 d5 2. Bg2 c5 3. f4 Nc6 4. Nf3 g6 5. O-O Bg7 6. Nc3 Nf6 7. d3 d4 8. Na4 Nd7 9. c4 Qc7 10. a3 b6 11. Rb1 Bb7 12. b4 O-O 13. bxc5 bxc5 14. Bd2 Rab8 15. Ng5 Nd8 16. Bxb7 Nxb7 17. f5 Nd6 18. fxg6 hxg6 19. Rxb8 Rxb8 20. Qc2 Qb7 21. Nf3 e5 22. Bc1 Qb3 23. Qxb3 Rxb3 24. Ne1 f5 25. Nc2 Kf7 26. g4 Ke6 27. gxf5+ gxf5 28. Kf2 e4 29. Nb2 Rc3 30. Na1 Rxa3 31. Nc2 Rc3 32. Na1 e3+ 33. Kg2 Nb6 34. h4 a5 35. Bxe3 dxe3 36. Nd1 Ra3 37. Nc2 Ra2 38. Ndxe3 Be5 39. Rc1 f4 40. Ng4 Nf5 41. Kh3 Nd7 42. e3 Nxe3 43. Ncxe3 fxe3 44. Nxe3 Rh2+ 45. Kg4 Nf6+ 46. Kg5 Rh3 47. Nf5 Rf3 48. Ng7+ Kf7 49. Nf5 Bf4# 0-1

[Event "Königsspringer Hamburg"]
[Site "Internationales Meisterturnier"]
[Date "2004.03.13"]
[Round "7"]
[White "Boidman, Yuri"]
[Black "Buhr, Carl Christian"]
[Result "1-0"]
[WhiteElo "2418"]
[BlackElo "2347"]
[PlyCount "103"]
[EventDate "2004.??.??"]

1. e4 c5 2. Nf3 Nc6 3. Bb5 g6 4. Bxc6 bxc6 5. O-O Bg7 6. Re1 Nh6 7. c3 O-O 8.
d4 cxd4 9. cxd4 f6 10. Nc3 Nf7 11. h3 d6 12. b3 Qa5 13. Bb2 Bd7 14. Nd2 Qg5 15. Kh1 Rae8 16. Nf3 Qh5 17. d5 f5 18. dxc6 Bxc6 19. Nd4 Qxd1 20. Raxd1 Bxd4 21. Rxd4 fxe4 22. Nxe4 Rc8 23. Rd2 Rfe8 24. Kh2 d5 25. Nc5 e5 26. Nd3 d4 27. f4 e4 28. Nb4 d3 29. Nxc6 Rxc6 30. Rxd3 Rc2 31. Bf6 Rxa2 32. Rd7 a5 33. Rc1 e3 34. Rcc7 Rf8 35. Re7 e2 36. Bc3 a4 37. bxa4 Rxa4 38. Kg3 Ra2 39. h4 Rc2 40. Kf3 g5 41. g3 Rd8 42. Rxe2 Rd3+ 43. Re3 Rxe3+ 44. Kxe3 gxf4+ 45. Kxf4 h6 46. Kf5 Rg2 47. Kf6 Nd6 48. Rg7+ Kh8 49. Ke6 Ne4 50. Be5 Nc5+ 51. Kf7 Rf2+ 52. Bf6 1-0

[Event "Königsspringer Hamburg"]
[Site "Internationales Meisterturnier"]
[Date "2004.03.13"]
[Round "7"]
[White "Zimmermann, Julian"]
[Black "Farago, Ivan"]
[Result "0-1"]
[WhiteElo "2227"]
[BlackElo "2506"]
[PlyCount "60"]
[EventDate "2004.??.??"]

1. e4 c5 2. Nf3 e6 3. Nc3 a6 4. a4 Nc6 5. g3 Nf6 6. d4 cxd4 7. Nxd4 d5 8. Bg2 dxe4 9. Nxc6 {(=) (=)} Qxd1+ 10. Kxd1 bxc6 11. Nxe4 Nd5 12. a5 e5 13. c4 Nb4 14. Kd2 Be6 15. Kc3 O-O-O 16. b3 h6 17. Be3 Rd3+ 18. Kb2 f5 19. Nc3 Be7 20. Bf1 f4 21. Bc1 Rf3 22. Nd1 e4 23. Rb1 Bf6+ 24. Ka3 Nc2+ 25. Ka2 Nb4+ 26. Ka3 Nc2+ 27. Ka2 fxg3 28. hxg3 Rd8 29. Be2 Rf5 30. b4 Rxd1 0-1

[Event "Königsspringer Hamburg"]
[Site "Internationales Meisterturnier"]
[Date "2004.03.13"]
[Round "7"]
[White "Svetushkin, Dmitry"]
[Black "Kopylov, Mihail"]
[Result "0-1"]
[WhiteElo "2553"]
[BlackElo "2445"]
[Annotator "Svetushkin"]
[PlyCount "62"]
[EventDate "2004.??.??"]

1. d4 Nf6 2. c4 e5 3. dxe5 Ng4 4. Nf3 Bc5 5. e3 Nc6 6. Be2 O-O 7. a3 a5 8. Nc3 Re8 9. O-O (9. Nd4 $5 Ngxe5 10. O-O) 9... Ncxe5 10. Nd4 Nf6 11. Rb1 d6 12. b4 axb4 13. axb4 Bb6 14. Nd5 Nxd5 15. cxd5 Qh4 16. Bb2 Bd7 17. Qb3 (17. Ra1 $5 Rxa1 18. Bxa1 $14) 17... Ba4 18. Qc3 Qe4 19. f4 $2 (19. Kh1 $1 Qxd5 20. f4 Bxd4 21. exd4 Nd7 22. Bf3 Qb5 (22... Qf5 23. Qxc7 d5 24. Qxb7 Nf6 25. g4 Qxf4 26. Bxd5) 23. d5 $1 Nf6 24. g4 $40) 19... Ng6 20. Nf5 $2 (20. Ra1) (20. Bd3) 20... f6 21. Bd3 Nxf4 $1 22. Rxf4 Qxf4 23. Kh1 (23. Rf1 Qe5) (23. g3) 23... Qg5 24. Rf1 (24. Qc4 Bd7 25. h4 Qh5 26. g4 Qf7 27. Rf1) (24. Qc4 Bd7 25. h4 Qh5 26. g4 Qf7 27. Rf1) 24... Bd7 25. h4 Qh5 26. g4 Qxg4 27. Nh6+ gxh6 28. Rg1 Qxg1+ 29. Kxg1 Rxe3 30. Kg2 (30. Kh2) 30... Bh3+ 31. Kh2 Bf1 $19 0-1

[Event "Königsspringer Hamburg"]
[Site "Internationales Meisterturnier"]
[Date "2004.03.13"]
[Round "8"]
[White "Reddmann, Hauke"]
[Black "Farago, Ivan"]
[Result "1/2-1/2"]
[WhiteElo "2338"]
[BlackElo "2506"]
[PlyCount "74"]
[EventDate "2004.??.??"]

1. d4 e6 2. Nf3 c5 3. c3 Nf6 4. Nbd2 d5 5. g3 Nc6 6. Bg2 cxd4 7. cxd4 Qb6 8. e3 Bd6 9. O-O O-O 10. b3 Bd7 11. a3 Rfc8 12. Bb2 a5 13. Ne5 Ne7 14. Nxd7 Nxd7 15. Rc1 a4 16. b4 Qa6 17. Re1 Rxc1 18. Qxc1 Rc8 19. Qb1 b5 20. e4 Nb6 21. Bf1 h6 22. f3 Nc4 23. Nxc4 dxc4 24. Bc3 Qb6 25. Kg2 Nc6 26. Rd1 e5 27. d5 Nd4 28. Qb2 Bb8 29. Bxd4 exd4 30. Qxd4 Qxd4 31. Rxd4 Be5 32. Rd2 g5 33. Kf2 Rd8 34. Bh3 Bb8 35. Ke2 Kg7 36. Ke3 Ba7+ 37. Ke2 Bb8 1/2-1/2

[Event "Königsspringer Hamburg"]
[Site "Internationales Meisterturnier"]
[Date "2004.03.13"]
[Round "8"]
[White "Kopylov, Mihail"]
[Black "Zimmermann, Julian"]
[Result "1-0"]
[WhiteElo "2445"]
[BlackElo "2227"]
[PlyCount "51"]
[EventDate "2004.??.??"]

1. Nf3 c5 2. g3 Nc6 3. Bg2 g6 4. d4 cxd4 5. Nxd4 Bg7 6. c3 Nxd4 7. cxd4 d5 8. Nc3 e6 9. O-O Qb6 10. e4 dxe4 11. Nxe4 Ne7 12. Qa4+ Bd7 13. Qa3 Bc6 14. Bg5 Qc7 15. Nd6+ Kf8 16. d5 exd5 17. Rfe1 f6 18. Re6 fxg5 19. Rae1 Rd8 20. Nxb7 Re8 21. Nd6 Rd8 22. Nc8 Qxc8 23. Qxe7+ Kg8 24. Rxc6 Qd7 25. Qxg5 Bf8 26. Rec1 1-0

[Event "Königsspringer Hamburg"]
[Site "Internationales Meisterturnier"]
[Date "2004.03.13"]
[Round "8"]
[White "Buhr, Carl Christian"]
[Black "Svetushkin, Dmitry"]
[Result "0-1"]
[WhiteElo "2347"]
[BlackElo "2553"]
[PlyCount "162"]
[EventDate "2004.??.??"]

1. d4 d5 2. c4 c6 3. Nf3 Nf6 4. Qb3 dxc4 5. Qxc4 Bf5 6. Nc3 e6 7. e3 Nbd7 8. g3 Be7 9. Bg2 O-O 10. Nh4 Bg4 11. h3 Bh5 12. g4 Nd5 13. gxh5 Bxh4 14. Qe2 c5 15. O-O cxd4 16. Nxd5 exd5 17. exd4 Nf6 18. h6 g6 19. Qb5 Qd6 20. Bd2 Rfe8 21. Rac1 Ne4 22. Be3 Rab8 23. Rc2 a6 24. Qb3 Bd8 25. Rfc1 Bb6 26. Bxe4 Rxe4 27. Rc8+ Re8 28. Rxb8 Rxb8 29. Rc3 Bc7 30. Kf1 Bb6 31. Qc2 Qd7 32. Bf4 Rf8 33. Be5 f6 34. Qb3 Qd8 35. Bh2 Re8 36. Re3 Kf7 37. a4 a5 38. Qb5 Re6 39. Rxe6 Kxe6 40. Qe2+ Kd7 41. Qe3 Qe7 42. Qf4 Qe6 43. h4 Bd8 44. Bg3 Ke7 45. Qb8 Qd7 46. b3 Kf7 47. Kg2 g5 48. h5 Ke6 49. Bh2 Ke7 50. Bg3 Kf7 51. Kh2 Ke6 52. Kg2 Kf5 53. f3 Ke6 54. Kh2 Ke7 55. Kg2 Qc6 56. Kh2 Kd7 57. Kg2 Qa6 58. Bf2 Qb6 59. Bg3 Qc6 60. Kh2 Ke7 61. Kg2 Qd7 62. Kh2 Kf7 63. Kg2 f5 64. Be5 f4 65. Bg7 Qc7 66. Qxc7+ Bxc7 67. Kh3 Bd8 68. Kg4 Bf6 69. Kf5 Bxg7 70. hxg7 h6 71. Ke5 Kxg7 72. Kf5 Kf7 73. Ke5 Ke7 74. Kf5 Kd6 75. Kg6 g4 76. fxg4 f3 77. g5 f2 78. Kxh6 f1=Q 79. g6 Ke7 80. Kh7 Qf5 81. h6 Kf6 0-1

[Event "Königsspringer Hamburg"]
[Site "Internationales Meisterturnier"]
[Date "2004.03.13"]
[Round "8"]
[White "Kuemin, Simon"]
[Black "Schleicher, Guido"]
[Result "1-0"]
[WhiteElo "2376"]
[BlackElo "2249"]
[PlyCount "65"]
[EventDate "2004.??.??"]

1. d4 f5 2. g3 Nf6 3. Bg2 g6 4. c3 Bg7 5. Qb3 Nc6 6. Nd2 e6 7. e4 fxe4 8. Nxe4 Nxe4 9. Bxe4 O-O 10. h4 d5 11. Bg2 Na5 12. Qd1 c5 13. dxc5 b6 14. Ne2 bxc5 15. O-O Rb8 16. h5 Nc4 17. hxg6 hxg6 18. Nf4 Ne5 19. Re1 Qe8 20. Nh3 Rb6 21. Bf4 Nf7 22. Bxd5 Qb5 23. Bg2 Qxb2 24. Bc7 Ra6 25. Nf4 Qxc3 26. Rc1 Qf6 27. Rxc5 Rxa2 28. Rc2 Ra6 29. Bf1 Ra4 30. Rc6 Ra2 31. Bc4 Qd4 32. Qxd4 Bxd4 33. Bxa2 1-0

[Event "Königsspringer Hamburg"]
[Site "Internationales Meisterturnier"]
[Date "2004.03.14"]
[Round "9"]
[White "Boidman, Yuri"]
[Black "Kuemin, Simon"]
[Result "0-1"]
[WhiteElo "2418"]
[BlackElo "2376"]
[Annotator "Kuemin"]
[PlyCount "86"]
[EventDate "2004.??.??"]

1. e4 e6 2. Nf3 d5 3. Nc3 Nf6 4. e5 Nfd7 5. Ne2 c5 6. c3 Nc6 7. d4 cxd4 8. cxd4 f6 9. exf6 (9. Nf4 Bb4+ (9... Qe7 $5) (9... fxe5 $5 10. Nxe6) 10. Bd2 Qe7 $11) 9... Nxf6 10. Nc3 Bd6 11. Bd3 O-O 12. O-O Bd7 {(=)} 13. Re1 Qb6 $11 (13... a6 {/\Dc7}) 14. Ne5 $2 (14. a3) 14... Bxe5 $1 15. dxe5 Ng4 16. Be3 Nxe3 17. Rxe3 Rxf2 $3 18. Kxf2 Rf8+ 19. Ke2 Qxb2+ 20. Bc2 (20. Qd2 Rf2+) 20... Nd4+ 21. Qxd4 (21. Kd2 Nxc2 22. Rb1 Nxe3+ $19) 21... Qxc2+ 22. Ke1 Qf2+ 23. Kd1 Qg1+ 24. Kc2 Qxa1 25. Rf3 Rxf3 26. gxf3 Qe1 27. f4 Be8 $1 28. f5 (28. Qxa7 Bg6+ 29. Kb3 h6 30. Qxb7 d4) 28... Qf1 29. fxe6 Qf5+ 30. Kd2 Qxe6 31. Qxd5 (31. Nxd5 Bc6 32. Nc3 Qd7 $19) 31... Qxd5+ 32. Nxd5 Kf7 33. Ke3 Bc6 34. Nf4 g5 35. Nh5 Kg6 36. Nf6 h5 37. Kd4 h4 38. Ng4 Bf3 39. Ne3 g4 40. e6 g3 41. hxg3 hxg3 42. Nc4 Kf6 43. Ne5 Bc6 0-1

[Event "Königsspringer Hamburg"]
[Site "Internationales Meisterturnier"]
[Date "2004.03.14"]
[Round "9"]
[White "Farago, Ivan"]
[Black "Kopylov, Mihail"]
[Result "1-0"]
[WhiteElo "2506"]
[BlackElo "2445"]
[PlyCount "77"]
[EventDate "2004.??.??"]

1. d4 f5 2. g3 Nf6 3. Bg2 g6 4. c4 Bg7 5. Nc3 O-O 6. Nf3 d6 7. O-O Qe8 8. Nd5 Nxd5 9. cxd5 Qb5 10. Ng5 h6 11. Ne6 Bxe6 12. dxe6 d5 13. a4 Qb6 14. Bxd5 Rd8 15. Bg2 Rxd4 16. Qc2 Rb4 17. Be3 Rxb2 {(=)} 18. Qd3 Qd6 19. Qxd6 cxd6 20. Rab1 Nc6 21. Rxb2 Bxb2 22. Rb1 Bf6 23. Rxb7 Rc8 24. Bxc6 Rxc6 25. a5 a6 26. Rb6 Rc2 27. Rxa6 d5 28. Ra8+ Kg7 29. Bb6 Rb2 30. Rd8 Ra2 31. Rxd5 Bc3 32. Kg2 Kf6 33. Rd8 Kxe6 34. Ra8 Rb2 35. Be3 Bd2 36. Bd4 Rb4 37. e3 Rb3 38. a6 Bc3 39. Bc5 1-0